Three steps on the ladder of writing

Αποθηκεύτηκε σε:
Λεπτομέρειες βιβλιογραφικής εγγραφής
Κύριος συγγραφέας: Cixous, Helene 1937-
Άλλοι συγγραφείς: Cornell, Sarah (Μεταφραστής), Sellers, Susan (Μεταφραστής)
Μορφή: Βιβλίο
Γλώσσα:English
Δημοσίευση: New York : Columbia University Press, 1993
Σειρά:Wellek Library lectures at the University of California, Irvine
Θέματα:
Ετικέτες: Προσθήκη ετικέτας
Δεν υπάρχουν, Καταχωρήστε ετικέτα πρώτοι!

MARC

LEADER 00000nam a2200000 i 4500
001 1/82054
008 050722s1993 eng d
020 |a 0-231-07659-2 
035 |l 10079425 
040 |a GR-MY-UA  |b gre  |e aacr 
041 0 |a eng 
082 0 |a 808.02  |2 (22) 
100 1 |a Cixous, Helene  |d 1937- 
245 1 0 |a Three steps on the ladder of writing /  |c Helen Cixous ; translated by Sarah Cornell and Susan Sellers 
260 |a New York :   |b Columbia University Press,   |c 1993 
300 |a 162 σ.;  |c 24 εκ. 
490 1 |a The Wellek Library lectures at the University of California, Irvine 
500 |a Τρεις διαλέξεις πραγματοποιήθηκαν τον Μάϊο του 1990 στο Πανεπιστήμιο της Καλιφόρνιας, Irvine 
504 |a Περιέχει βιβλιογραφία (σ. 157-162) 
650 0 0 |a Authorship. 
700 1 |a Cornell, Sarah.  |4 trl 
700 1 |a Sellers, Susan.  |4 trl 
830 0 |a Wellek Library lectures at the University of California, Irvine 
852 |a INST  |b LESVOS  |e 20050722  |h 808.02 CIX  |p 005100032003  |q 005100032003  |t BK  |y 0 
901 |a BIBL1-2005-2 
909 |a Λ  |b 121765 
920 |a ΕΠΕΑΕΚ ΠΜΣ ΓΥΝΑΙΚΕΣ KAI ΦΥΛΑ  |y ΛΕΣΒΟΣ  |z 2005-06 
970 |a ΚΑΡΑ  |b ΓΙΑΣΕΜΗ  |z 2005/07/22